| 000 | 00542cam a22001577a 4500 | ||
|---|---|---|---|
| 008 | 180718b2002 xxu||||| |||| 00| 0 eng d | ||
| 082 | _aT478x54 F761 | ||
| 100 | _aIndia. Steering Group on Foreign Direct Investment | ||
| 245 |
_aReport of the Steering Group on Foreign Direct Investment _cby Planning Commission |
||
| 260 |
_aNew Delhi _bPlanning Commission _c2002 |
||
| 300 | _a120p. | ||
| 500 | _aChairman: N.K. Singh | ||
| 650 | _aInvestments, Foreign - India | ||
| 700 | _aSingh, N.K. (Chairman) | ||
| 700 | _aIndia. Planning Commission | ||
| 999 |
_c490655 _d490655 |
||